|
|
|
|
| LEADER |
00000naa2a2200000 4500 |
| 001 |
236078 |
| 005 |
20231031204532.0 |
| 035 |
|
|
|a (RuTPU)RU\TPU\book\257225
|
| 035 |
|
|
|a RU\TPU\book\257222
|
| 090 |
|
|
|a 236078
|
| 100 |
|
|
|a 20130418d2011 k y0rusy50 ca
|
| 101 |
0 |
|
|a rus
|
| 102 |
|
|
|a RU
|
| 200 |
1 |
|
|a Актуальные проблемы бухгалтерского и налогового учета деловой репутации
|f М. А. Черепанова
|
| 225 |
1 |
|
|a Современные тенденции бухгалтерского учета и аудита
|
| 320 |
|
|
|a Библиогр.: с. 49 (3 назв.)
|
| 463 |
|
0 |
|0 (RuTPU)RU\TPU\book\250468
|t Экономика России в XXI веке
|o сборник научных трудов VIII Всероссийской научно-практической конференции "Фундаментальные проблемы модернизации экономики России", г. Томск, 15-18 ноября 2011 г.
|f Национальный исследовательский Томский политехнический университет (ТПУ), Инженерно-экономический факультет ; под ред. Г. А. Барышевой, Л. М. Борисовой
|v С. 47-49
|d 2011
|p 420 с.
|
| 610 |
1 |
|
|a труды учёных ТПУ
|
| 610 |
1 |
|
|a бухгалтерский учет
|
| 610 |
1 |
|
|a налоговый учет
|
| 610 |
1 |
|
|a актуальные проблемы
|
| 610 |
1 |
|
|a деловая репутация
|
| 610 |
1 |
|
|a активы
|
| 610 |
1 |
|
|a бухгалтерский баланс
|
| 700 |
|
1 |
|a Черепанова
|b М. А.
|
| 801 |
|
1 |
|a RU
|b 63413507
|c 20121214
|
| 801 |
|
2 |
|a RU
|b 63413507
|c 20130418
|g RCR
|
| 942 |
|
|
|c BK
|